00429nam a2200121Ia 4500008004100000100002200041245006200063245002300125260000900148856005800157999001900215952007300234160531s9999 xx 000 0 und d aEstrada, Ernesto. aGraph and Network Theory in Physics: A Short Introduction cby Ernesto Estrada c2013 uhttps://arxiv.org/ftp/arxiv/papers/1302/1302.4378.pdf c295219d295219 001040aCLbCLd2016-05-31l0r2016-05-31 00:00:00w2016-05-31yCBE